000 01556nam a22003377a 4500
001 0009582
003 KOHA_MİRAKIL
005 20260207001714.0
007 ta
008 091021b1998 tu |||gr||||#0|||0|tur |
020 _a9754371849
040 _aTR-BiSEU
_btur
_cTR-BiSEU
_erda
041 0 _atur
044 _ctu
050 _aDR432
_b.K67 1998
100 1 _aKöseoğlu, Nevzat.
245 1 _aTürk kimliği ve Türk dünyası/
_cNevzat Köseoğlu ; Nevzat Kösoğlu.
264 1 _aİstanbul :
_bÖtüken
_c1998
300 _a255 sayfa
336 _ametin
_btxt
_2rdacontent
337 _aaracısız
_bn
_2rdamedia
338 _acilt
_bnc
_2rdacarrier
490 1 _aYayın nu ;
_v326.
490 1 _aKültür serisi ;
_v104.
505 _aTürkiye bugün, tarihî kıblesine dönük bir iman hamlesi içinde görünmektedir. Bu açıdan bakıldığında, büyük zamanlar yaşamakta olduğumuz söylenebilir. Türk kültür coğrafyasının bütün alanları, tarihinin hiç bir döneminde olmadığı kadar birbirine açılmıştır; çok büyük ve güzel kültürel açılışlarının imkânları doğmuştur. Bu imkânları değerlendirebilmek için, bu iman hareketini alevlendirip genişletmek, böylece, toplumun kendine güvenini sağlayarak, kültürel yaratıcılığı beslemek gerekecektir. Kıblemizi kaybetmemek, kaybolmuş zamanları yaşamamak için...
650 0 _aTürkiye--Uygarlık.
_912185
830 1 _aYayın nu ;
_v326.
_99059
830 1 _aKültür serisi ;
_v104.
_95523
907 _aTarih
942 _2lcc
_cBK
999 _c9554
_d9554